Elveda gülsarı/ (Record no. 18361)
| 000 -BAŞLIK | |
|---|---|
| Sabit Uzunluktaki Kontrol Alanı | 01750nam a22003497a 4500 |
| 001 - KONTROL NUMARASI | |
| Control Dosyası | 0018404 |
| 003 - KONTROL NUMARASI KİMLİĞİ | |
| Kontrol Alanı | KOHA_MİRAKIL |
| 005 - EN SON İŞLEM TARİHİ ve ZAMANI | |
| Kontrol Alanı | 20260207002210.0 |
| 007 - FİZİKSEL TANIM SABİT ALAN - GENEL BİLGİ | |
| Sabit uzunluklu kontrol alanı | ta |
| 008 - SABİT UZUNLUKTAKİ VERİ ÖGELERİ - GENEL BİLGİ | |
| Sabit Alan | 100630b2003 tu |||gr||||#0|||1|tur | |
| 020 ## - ISBN - ULUSLARARASI STANDART KİTAP NUMARASI | |
| Isbn | 9758651080 |
| 040 ## - KATALOGLAMA KAYNAĞI | |
| Özgün Kataloglama Kurumu | TR-BiSEU |
| Kataloglama Dili | tur |
| Çeviri Kurumu | TR-BiSEU |
| Açıklama Kuralları | rda |
| 041 0# - DİL KODU | |
| Metin ya da ses kaydının dil kodu | tur |
| 044 ## - YAYINLAYAN/ÜRETEN KURULUŞUN ÜLKE KODU | |
| ISO country code | tu |
| 050 ## - SINIFLAMA ve YER NUMARASI | |
| Sınıflama Numarası | PG3476.A98 |
| Yer Numarası | E48 2003 |
| 100 1# - KİŞİ ADI | |
| Yazar Adı (Kişi adı) | Ait̆matov, Chingiz. |
| 245 1# - ESER ADI BİLDİRİMİ | |
| Başlık | Elveda gülsarı/ |
| Sorumluluk Bildirimi | Chingiz Ait̆matov ; Cengiz Aytmatov; çeviren Refik Özdek. |
| 264 #1 - ÜRERİM, YAYIN, DAĞITIM ve TELİF BİLDİRİMİ | |
| Yayın yeri | İstanbul : |
| Yayınlayan | Elips, c2003 |
| Yayın tarihi | 2003 |
| 300 ## - FİZİKSEL TANIMLAMA | |
| Sayfa, Cilt vb. | 228 sayfa; 21 cm. |
| 336 ## - İÇERİK TÜRÜ | |
| Content type term | metin |
| Content type code | txt |
| Source | rdacontent |
| 337 ## - MEDYA TÜRÜ | |
| Media type term | aracısız |
| Media type code | n |
| Source | rdamedia |
| 338 ## - TAŞIYICI TÜRÜ | |
| Carrier type term | cilt |
| Carrier type code | nc |
| Source | rdacarrier |
| 490 1# - DİZİ BİLDİRİMİ | |
| Dizi Bildirimi | Elips kitap ; |
| Cilt Numarası | 15. |
| 490 1# - DİZİ BİLDİRİMİ | |
| Dizi Bildirimi | Aytmatov kitapları ; |
| Cilt Numarası | 5. |
| 505 ## - İÇİNDEKİLER NOTU | |
| İçindekiler Notu | Gülsarı, cins ve ünlü bir yorga atın adıdır. Yazar, korkunç bir duygudaşlık yeteneğiyle bir yandan Gülsarı'nın doğumundan ölümüne kadar geçen fırtınalı hayat macerasını, diğer yandan onun biricik yetiştiricisi Tanabay'ın çilesini anlatır. Tanabay can çekişen sevgili atının başında geçmişiyle hesaplaşır. Kendini devrime, mutlu yarınlara adamış, ama siyasi rejim onun ömrünü mutsuzluklar ve sıkıntılar içinde geçirmesine sebep olmuştur. İçerisinde yaşadığı toplum değişim adı altında bütün değerlerini kaybetmiştir. Aytmatov, kendine özgü anlatım tarzı ve etkileyiciliği ile hikâyenin geçtiği tabiatı betimliyor, Kırgız - Kazak Türklerinin töre ve folklorunu ebedileştiriyor. |
| 650 #0 - KONU BAŞLIĞI EK GİRİŞ - KONU TERİMİ | |
| Konusal terim veya coğrafi ad | Kırgız romanı. |
| 9 (RLIN) | 16015 |
| 650 #0 - KONU BAŞLIĞI EK GİRİŞ - KONU TERİMİ | |
| Konusal terim veya coğrafi ad | Kyrgyz fiction. |
| 9 (RLIN) | 16016 |
| 830 1# - SERİ EK GİRİŞİ - TEKBİÇİM ESER ADI | |
| Tekbiçim Başlık | Elips kitap ; |
| Volume number/sequential designation | 15. |
| 9 (RLIN) | 26545 |
| 830 1# - SERİ EK GİRİŞİ - TEKBİÇİM ESER ADI | |
| Tekbiçim Başlık | Aytmatov kitapları ; |
| Volume number/sequential designation | 5. |
| 9 (RLIN) | 42378 |
| 907 ## - LOCAL DATA ELEMENT G, LDG (RLIN) | |
| a | Roman |
| 942 ## - EK GİRİŞ ÖGELERİ (KOHA) | |
| Source of classification or shelving scheme | Library of Congress Classification |
| Koha item type | Book |
| Materyal Türü | Kalıcı Konum | Mevcut Konum | Sınıflandırma Kaynağı | Edinim Bilgisi | Ana Konular | Alt Konular | Yer Numarası | Demirbaş Numarası | Fatura Tarihi | Maliyet, Alış Fiyatı | Maliyet, Yenileme Fiyatı | Geri Çekilme Durumu | Kayıp Durumu | Hasarlı Durumu | Kredi için değil | Kayıt Tarih | Toplam Ödünçverme | Son Görülme Tarihi | Son Kontrol Tarihi | Genel / Bağış Notu |
|---|---|---|---|---|---|---|---|---|---|---|---|---|---|---|---|---|---|---|---|---|
| Book | BŞEÜ Gölpazarı MYO Kütüphanesi | BŞEÜ Gölpazarı MYO Kütüphanesi | Library of Congress Classification | Bağış | DİL VE EDEBİYAT | Slav Dilleri, Baltık Dilleri, Arnavutça | PG3476.A98 E48 2003 | 0018404 | 02/02/2026 | 10.00 | 10.00 | 30/06/2010 | 05/12/2024 | 05/12/2024 | Genel Bağış |
